Diagnóstico y tratamiento de las enfermedades del corazón y de los vasos / (Record no. 139643)

MARC details
000 -LEADER
campo de control de longitud fija 00561nam a2200157 4500
001 - NÚMERO DE CONTROL
campo de control 139643
003 - IDENTIFICADOR DE NÚMERO DE CONTROL
campo de control ES-MaACL
007 - CAMPO FIJO DE DESCRIPCIÓN FÍSICA--INFORMACIÓN GENERAL
campo de control de longitud fija t|
008 - DATOS DE LONGITUD FIJA--INFORMACIÓN GENERAL
campo de control de longitud fija 070214s1936 sp r ||||1| spa d
100 1# - ENTRADA PRINCIPAL--NOMBRE DE PERSONA
Nombre de persona Scherf, David.
9 (RLIN) 104312
245 10 - MENCIÓN DEL TÍTULO
Título Diagnóstico y tratamiento de las enfermedades del corazón y de los vasos /
Mención de responsabilidad, etc. por el Dr. David Scherf ; traducido de la segunda edición alemana por Francisco Piñero.
260 ## - PUBLICACIÓN, DISTRIBUCIÓN, ETC.
Lugar de publicación, distribución, etc. Barcelona :
Nombre del editor, distribuidor, etc. Labor,
Fecha de publicación, distribución, etc. 1936.
300 ## - DESCRIPCIÓN FÍSICA
Extensión 244 p. :
Otras características físicas il. ;
Dimensiones 25 cm.
700 1# - ENTRADA AGREGADA--NOMBRE PERSONAL
Nombre de persona Piñero, Francisco.
9 (RLIN) 92274
852 ## - LOCALIZACIÓN
Ubicación ES-MaACL
Número de control de estantería E-594
Sublocalización o colección R.19632
Holdings
Estatus retirado Estado de pérdida Estado de daño No para préstamo Biblioteca de origen Biblioteca actual Ubicación en estantería Fecha de adquisición Fuente de adquisición Total de préstamos Signatura topográfica completa Código de barras Visto por última vez Precio de reemplazo Tipo de ítem Koha
        Biblioteca del Ateneo de Madrid Biblioteca del Ateneo de Madrid Depósito 2 17/01/2008     E-594 1145319 23/02/2023 23/02/2023 Libro impreso